Putera Sulung Indera Pahlawan

Bibliographic Details
Main Author: Fawana
Format: Book
Published: Kuala Lumpur : DBP , 1993
Series:Siri cerita klasik
Subjects:

MARC

LEADER 00000cam a2200000 7i4500
001 0000006562
002 000007077
005 20000330.0
020 |a 9836235345 
090 0 0 |a F   |b FAW 
100 1 |a Fawana 
245 1 0 |a Putera Sulung Indera Pahlawan   |c Fawana 
260 |a Kuala Lumpur :   |b DBP ,   |c 1993 
300 |a 209p. ;   |c 18cm. 
490 0 |a Siri cerita klasik 
650 0 0 |a Children's stories, Malay 
999 |a 039373   |b BUKU   |c PINJAMAN   |e PERPUSTAKAAN KOMUNITI PETALING JAYA 
999 |a 039374   |b BUKU   |c YOUTH FICTION   |e PERPUSTAKAAN KOMUNITI PETALING JAYA